000 00892nam a2200253 a 4500
005 20240925064252.0
008 991125m19692007es 000 0 spa u
020 _a8471121034 (10 dígitos)
020 _a9788471121035 (13 dígitos)
035 _aUPN01000049501
049 _aCG
050 4 _aBF721
_bP5.58
100 1 _aPiaget, Jean,
_d1896-1980
245 1 0 _aPsicología del niño /
_cpor Jean Piaget y Bärbel Inhelder ; tr. Luis Hernández Alfonso.
260 _aMadrid :
_bMorata,
_c1969 (2007 impr.).
300 _a158 p.
440 0 _aPsicología.
_pLa psicología y el niño
534 _pTítulo original:
_tLa psychologie de l´enfant
590 _a(También localizas un ejemplar en el "Area de Reserva")
590 _aBibliografía Básica (BGTQ), 2010
650 4 _aNiño, Estudio del
_9221
700 1 _aInhelder, Bärbel,
_d1913-1997
_ecoaut.
_928563
905 _aLibro
999 _c49501
_d49501